000 01850cam a22004454i 4500
003 PE-LiUPU
005 20250731165429.0
008 160211s1996 pe a grm 000 0 spa d
035 _a(Sirsi) a156099
040 _aPE-LiUPU
_bspa
_cPE-LiUPU
_erda
099 _aTE CH
_b98 1996
100 1 _aChura Mamani, Rubén
_eautor
245 1 _aAves sin nido: la novela de los valores en el matrimonio /
_cRubén Chura Mamani.
264 0 _c1996.
300 _a94 hojas
_c30 cm
336 _atext
_2rdacontent
337 _aunmediated
_2rdamedia
338 _avolume
_2rdacarrier
502 _aTesis
_b(Lic.) --
_cUniversidad Peruana Unión,
_d1996.
504 _aIncluye referencias
520 3 _aA la generación del presente le toca vivir en tiempos muy difíciles. Las grandes lacras de la sociedad (drogadicción, inmoralidad, injusticia, la corrupción, las malas costumbres, las supersticiones, etc.) desintegran sin piedad a las instituciones tutelares de la humanidad: el matrimonio. Hoy más que nunca, el matrimonio se ve afectado por la falta de valores morales, a pesar de que vivimos en tiempos de la modernidad, de los adelantos increíbles de la ciencia, el matrimonio sigue en crisis. El ser humano asimila con tanta rapidez y facilidad mas los desvalores que los valores edificantes.
526 _aSEG44
526 _aSEG26
526 _aP151
526 _aP150
526 _aP149
526 _aP146
526 _aP145
526 _aP126
526 _aP125
526 _aP92
526 _aP75
526 _aP74
526 _aP27
526 _aP15
650 1 4 _aMatrimonio
_xAspectos morales
_vTesis.
596 _a1
942 _2ddc
_cTESIS
999 _aTE CH 98 1996
_wALPHANUM
_c8781
_iT00136
_lCCODEBUL3
_mBUL
_r1
_sY
_tTESIS
_u2016-2-11
_xEDUCACION
_PP14
_o.STAFF. Tesis
_d8781
980 _81
_gALBERTO SANCHEZ Responsable de Automatización